[Event "11th Kings Blitz Women"]
[Site "Medias ROU"]
[Date "2017.11.28"]
[Round "1.1"]
[White "Peptan, Corina-Isabela"]
[Black "Muzychuk, Anna"]
[Result "1/2-1/2"]
[WhiteTitle "IM"]
[BlackTitle "GM"]
[WhiteElo "2399"]
[BlackElo "2576"]
[WhiteFideId "1201930"]
[BlackFideId "14111330"]
[EventDate "2017.11.28"]

1. d4 Nf6 2. Nf3 g6 3. g3 Bg7 4. c4 O-O 5. Bg2 c6 6. O-O d5 7. Nbd2 a5 8. Re1
Bf5 9. Qb3 Na6 10. a3 b5 11. cxb5 cxb5 12. Qxb5 Qc7 13. Ne5 Rfb8 14. Qc6 Qd8 15.
Qa4 Qc7 16. Qc6 Qd8 17. Qa4 Qc7 18. Qc6 Qd8 19. Qa4 Qc7 1/2-1/2

[Event "11th Kings Blitz Women"]
[Site "Medias ROU"]
[Date "2017.11.28"]
[Round "1.2"]
[White "Paehtz, Elisabeth"]
[Black "Cramling, Pia"]
[Result "1/2-1/2"]
[WhiteTitle "IM"]
[BlackTitle "GM"]
[WhiteElo "2453"]
[BlackElo "2448"]
[WhiteFideId "4641833"]
[BlackFideId "1700030"]
[EventDate "2017.11.28"]

1. d4 Nf6 2. Nf3 d5 3. c4 e6 4. Nc3 dxc4 5. e3 a6 6. a4 b6 7. Bxc4 Bb7 8. O-O
Nbd7 9. Qe2 Bb4 10. Nd2 c5 11. dxc5 Bxc5 12. Nb3 Be7 13. Nd4 Nc5 14. Rd1 Qc7 15.
b3 O-O 16. Bb2 Rac8 17. Rac1 Qb8 18. f3 Bd6 19. g3 Rfd8 20. e4 Be5 21. Nc2 Rxd1+
22. Rxd1 Rd8 23. Rxd8+ Qxd8 24. Qd1 Qxd1+ 25. Nxd1 Bxb2 26. Nxb2 a5 27. Nd3 Nxd3
28. Bxd3 Nd7 29. Kf2 Nc5 30. Bc4 Kf8 31. Ke3 Ke7 32. Nd4 f6 33. h4 g6 34. Ne2
Kd6 35. Nd4 Ke7 36. Ne2 Kd6 37. Nc3 Bc6 38. Ne2 Bb7 39. Nd4 Ke7 1/2-1/2

[Event "11th Kings Blitz Women"]
[Site "Medias ROU"]
[Date "2017.11.28"]
[Round "2.1"]
[White "Paehtz, Elisabeth"]
[Black "Peptan, Corina-Isabela"]
[Result "1/2-1/2"]
[WhiteTitle "IM"]
[BlackTitle "IM"]
[WhiteElo "2453"]
[BlackElo "2399"]
[WhiteFideId "4641833"]
[BlackFideId "1201930"]
[EventDate "2017.11.28"]

1. e4 c5 2. Nc3 e6 3. g3 Nc6 4. Bg2 Nge7 5. d3 g6 6. h4 h6 7. h5 g5 8. f4 f6 9.
Nge2 e5 10. Be3 d6 11. Nd5 Nxd5 12. exd5 Ne7 13. Qd2 Bg7 14. fxe5 fxe5 15. Rf1
Nf5 16. Be4 O-O 17. O-O-O Bd7 18. Rf2 Nxe3 19. Rxf8+ Qxf8 20. Qxe3 Bg4 21. Bg6
Qf3 22. Kd2 Qxd5 23. Rf1 Rf8 24. Rxf8+ Bxf8 25. Nc3 Qg2+ 26. Kc1 Qf1+ 27. Kd2
Qg2+ 28. Kc1 Qh1+ 29. Kd2 Qh2+ 30. Kc1 Qh1+ 31. Kd2 Qh2+ 32. Kc1 1/2-1/2

[Event "11th Kings Blitz Women"]
[Site "Medias ROU"]
[Date "2017.11.28"]
[Round "2.2"]
[White "Cramling, Pia"]
[Black "Muzychuk, Anna"]
[Result "1-0"]
[WhiteTitle "GM"]
[BlackTitle "GM"]
[WhiteElo "2448"]
[BlackElo "2576"]
[WhiteFideId "1700030"]
[BlackFideId "14111330"]
[EventDate "2017.11.28"]

1. Nf3 g6 2. c4 Bg7 3. Nc3 c5 4. g3 Nc6 5. Bg2 e5 6. d3 Nge7 7. Nd2 O-O 8. Nf1
d6 9. Ne3 Rb8 10. a3 a6 11. Rb1 b5 12. cxb5 axb5 13. b4 cxb4 14. axb4 Be6 15.
Ned5 Qd7 16. O-O Bh3 17. Bg5 Bxg2 18. Kxg2 Nxd5 19. Nxd5 Qe6 20. e4 h6 21. Be3
Ne7 22. Nxe7+ Qxe7 23. Qb3 Rfc8 24. Rfc1 Qb7 25. Rxc8+ Rxc8 26. Rc1 Rxc1 27.
Bxc1 Qc6 28. Be3 h5 29. Qb2 d5 30. Qc1 Qb7 31. f3 dxe4 32. dxe4 Qd7 33. Qc3 Qd1
34. Qd2 Qb3 35. Bc5 Kh7 36. h4 Bh6 37. Qd5 Qc4 38. Qd7 Qe2+ 39. Bf2 Kg7 40. Qa7
Bd2 41. Qc5 f6 42. Qe7+ Kh6 43. Qxf6 Be3 44. Qh8# 1-0

[Event "11th Kings Blitz Women"]
[Site "Medias ROU"]
[Date "2017.11.28"]
[Round "3.1"]
[White "Peptan, Corina-Isabela"]
[Black "Cramling, Pia"]
[Result "1/2-1/2"]
[WhiteTitle "IM"]
[BlackTitle "GM"]
[WhiteElo "2399"]
[BlackElo "2448"]
[WhiteFideId "1201930"]
[BlackFideId "1700030"]
[EventDate "2017.11.28"]

1. d4 Nf6 2. c4 e6 3. Nf3 d5 4. Nc3 c5 5. e3 a6 6. a3 dxc4 7. Bxc4 b5 8. Be2 Bb7
9. O-O Nbd7 10. dxc5 Bxc5 11. b4 Ba7 12. a4 bxa4 13. Qxa4 O-O 14. Bb2 Qe7 15.
Qb3 Bb8 16. b5 Nc5 17. Qc2 Rc8 18. bxa6 Nxa6 19. Bxa6 Rxa6 20. Rxa6 Bxa6 21. Ra1
Bb7 22. Qe2 h6 23. h3 Nd5 24. Nxd5 Bxd5 25. Rc1 Rxc1+ 26. Bxc1 Qc7 27. Bb2 Qb7
28. Bc3 Qb1+ 29. Qe1 Qe4 30. Qd1 Qc4 31. Qd4 Qxd4 1/2-1/2

[Event "11th Kings Blitz Women"]
[Site "Medias ROU"]
[Date "2017.11.28"]
[Round "3.2"]
[White "Muzychuk, Anna"]
[Black "Paehtz, Elisabeth"]
[Result "1-0"]
[WhiteTitle "GM"]
[BlackTitle "IM"]
[WhiteElo "2576"]
[BlackElo "2453"]
[WhiteFideId "14111330"]
[BlackFideId "4641833"]
[EventDate "2017.11.28"]

1. e4 c5 2. Nf3 d6 3. Bb5+ Nd7 4. O-O Nf6 5. Re1 a6 6. Bf1 g6 7. c3 e5 8. d4 Qc7
9. dxe5 dxe5 10. a4 Bg7 11. Na3 O-O 12. Nc4 b6 13. Qd6 Qb7 14. Nfxe5 Nxe5 15.
Qxe5 Re8 16. Qd6 Re6 17. Qd8+ Bf8 18. Qd3 Nxe4 19. Bf4 Bd7 20. a5 Bb5 21. axb6
Rae8 22. Qf3 Qc8 23. Red1 Bc6 24. Na5 Ng5 25. Qg4 Ne4 26. Bc4 Rf6 27. Qxc8 Rxc8
28. Nxc6 Rxf4 29. b7 1-0

[Event "11th Kings Blitz Women"]
[Site "Medias ROU"]
[Date "2017.11.28"]
[Round "4.1"]
[White "Muzychuk, Anna"]
[Black "Peptan, Corina-Isabela"]
[Result "1-0"]
[WhiteTitle "GM"]
[BlackTitle "IM"]
[WhiteElo "2576"]
[BlackElo "2399"]
[WhiteFideId "14111330"]
[BlackFideId "1201930"]
[EventDate "2017.11.28"]

1. e4 c5 2. Nf3 e6 3. d4 cxd4 4. Nxd4 a6 5. c4 Nf6 6. Nc3 Bb4 7. Qd3 Qc7 8. a3
Be7 9. Be2 O-O 10. O-O b6 11. f4 d6 12. Bf3 Bb7 13. Be3 Nbd7 14. Rac1 Rac8 15.
b3 Qb8 16. g4 Nc5 17. Qc2 Qa8 18. Nde2 Ncxe4 19. Na4 Nd7 20. Nxb6 Nxb6 21. Bxb6
Ng5 22. Bxb7 Nh3+ 23. Kg2 Qxb7+ 24. Kxh3 Qxb6 25. Qd3 Rb8 26. b4 Rbc8 27. Nd4
Bf6 28. Rfd1 Rfd8 29. f5 Re8 30. fxe6 fxe6 31. Qe4 Bg5 32. Rc2 d5 33. cxd5 Rxc2
34. Nxc2 Rc8 35. Nd4 Kh8 36. Qxe6 Qc7 37. Nc6 Qf4 38. Qxc8+ 1-0

[Event "11th Kings Blitz Women"]
[Site "Medias ROU"]
[Date "2017.11.28"]
[Round "4.2"]
[White "Cramling, Pia"]
[Black "Paehtz, Elisabeth"]
[Result "0-1"]
[WhiteTitle "GM"]
[BlackTitle "IM"]
[WhiteElo "2448"]
[BlackElo "2453"]
[WhiteFideId "1700030"]
[BlackFideId "4641833"]
[EventDate "2017.11.28"]

1. d4 d6 2. g3 g6 3. Bg2 Bg7 4. Nf3 Nf6 5. O-O O-O 6. b3 c6 7. Bb2 Qa5 8. Nbd2
Qh5 9. e4 Bg4 10. c4 Nfd7 11. Qc2 Na6 12. a3 c5 13. d5 Bxb2 14. Qxb2 Nc7 15. Nh4
Nf6 16. f4 Qh6 17. h3 Bc8 18. e5 Nd7 19. Rae1 Qg7 20. Qc3 f5 21. Qe3 a6 22. Nhf3
b5 23. Ng5 Ra7 24. Ndf3 Nb6 25. Nd2 Bd7 26. exd6 exd6 27. Qe7 Nc8 28. Qxg7+ Kxg7
29. Ne6+ Bxe6 30. dxe6 Ne7 31. b4 Kf6 32. bxc5 dxc5 33. Nf3 Nxe6 34. Ne5 Nd4 35.
Rf2 Rd8 36. Rc1 b4 37. axb4 cxb4 38. Rb2 a5 39. Ra1 b3 40. Ra4 Rb8 41. c5 Rb4
42. Rxb4 axb4 43. Nc4 Ra2 44. Kf2 Ke6 45. Ke3 Nc2+ 46. Kd2 Rxb2 47. Nxb2 Nd4 48.
Ke3 Nb5 49. Bf1 Nd5+ 50. Kd2 Nd4 51. Bc4 Nc6 52. Bxb3 Na5 53. Bd1 Kd7 54. Bf3
Nc3 55. Nd3 Nb5 56. Nxb4 Nb3+ 0-1

[Event "11th Kings Blitz Women"]
[Site "Medias ROU"]
[Date "2017.11.28"]
[Round "5.1"]
[White "Cramling, Pia"]
[Black "Peptan, Corina-Isabela"]
[Result "1-0"]
[WhiteTitle "GM"]
[BlackTitle "IM"]
[WhiteElo "2448"]
[BlackElo "2399"]
[WhiteFideId "1700030"]
[BlackFideId "1201930"]
[EventDate "2017.11.28"]

1. d4 Nf6 2. c4 e6 3. Nf3 Bb4+ 4. Nbd2 b6 5. a3 Bxd2+ 6. Qxd2 Bb7 7. e3 O-O 8.
Be2 d6 9. O-O Nbd7 10. b4 Ne4 11. Qc2 c5 12. Bb2 Rc8 13. Rfd1 d5 14. dxc5 bxc5
15. b5 Qe7 16. a4 dxc4 17. Bxc4 Ng5 18. Nxg5 Qxg5 19. Bf1 Rfd8 20. h3 c4 21.
Rac1 Ne5 22. Rxd8+ Rxd8 23. Rd1 Nd3 24. Ba1 Bd5 25. e4 Bxe4 26. Qxc4 Qg6 27. Qc7
Rf8 28. Bd4 h5 29. Bxa7 h4 30. Be3 f6 31. b6 Ne5 32. a5 Nf3+ 33. Kh1 Qh5 34. Rc1
Ne5 35. Bd4 Nd3 36. Ra1 Qf5 37. Kg1 Qd5 38. Be3 Ne5 39. Qc3 Nd3 1-0

[Event "11th Kings Blitz Women"]
[Site "Medias ROU"]
[Date "2017.11.28"]
[Round "5.2"]
[White "Paehtz, Elisabeth"]
[Black "Muzychuk, Anna"]
[Result "0-1"]
[WhiteTitle "IM"]
[BlackTitle "GM"]
[WhiteElo "2453"]
[BlackElo "2576"]
[WhiteFideId "4641833"]
[BlackFideId "14111330"]
[EventDate "2017.11.28"]

1. d4 f5 2. b3 Nf6 3. e3 g6 4. Bb2 Bg7 5. Be2 d6 6. h4 h6 7. Nh3 e6 8. Nf4 Kf7
9. Nd2 Nc6 10. Nf3 Ng4 11. Qc1 e5 12. dxe5 dxe5 13. Bc4+ Ke8 14. Nxg6 Qf6 15.
Nxh8 Bxh8 16. Qd2 Be6 17. O-O-O Rd8 18. Qe2 Bxc4 19. Qxc4 Nxf2 20. Qg8+ Qf8 21.
Qg6+ Qf7 22. Rxd8+ Nxd8 23. Qxf7+ Nxf7 24. Rf1 Ng4 25. Kd2 Bf6 26. Ne1 Nd6 27.
Nf3 Ne4+ 28. Kd3 Ng3 29. Rb1 e4+ 30. Kd2 Bxb2 31. Rxb2 exf3 32. gxf3 Ne5 33. f4
Ne4+ 34. Ke2 Ng4 35. Rb1 Ke7 36. Kd3 Ngf2+ 37. Kd4 Ke6 38. Rg1 c5+ 39. Kc4 Ng4
40. a4 Nxe3+ 41. Kd3 Ng4 42. c3 b6 43. b4 Kd5 44. c4+ Kd6 45. b5 h5 46. a5 Nef2+
47. Ke2 Ne4 48. axb6 axb6 49. Ra1 Ngf6 50. Ra6 Nd7 51. Ra7 Nef6 52. Kf3 Ne8 53.
Ra3 Nc7 54. Rd3+ Ke7 55. Re3+ Ne6 56. Rd3 Nd4+ 57. Kf2 Nf6 58. Rd1 Ne4+ 59. Ke3
Nd6 60. Rc1 Ke6 61. Kd3 Ne4 62. Rg1 Nf2+ 63. Ke3 Ng4+ 64. Kd3 Kd6 65. Ra1 Nf2+
66. Ke3 Nc2+ 0-1

[Event "11th Kings Blitz Women"]
[Site "Medias ROU"]
[Date "2017.11.28"]
[Round "6.1"]
[White "Peptan, Corina-Isabela"]
[Black "Paehtz, Elisabeth"]
[Result "1-0"]
[WhiteTitle "IM"]
[BlackTitle "IM"]
[WhiteElo "2399"]
[BlackElo "2453"]
[WhiteFideId "1201930"]
[BlackFideId "4641833"]
[EventDate "2017.11.28"]

1. c4 b6 2. d4 Bb7 3. Nc3 e6 4. Nf3 Bb4 5. Bd2 f5 6. a3 Bxc3 7. Bxc3 Nf6 8. b4
O-O 9. e3 Ne4 10. Bb2 d6 11. Be2 Nd7 12. Qb3 Qe7 13. O-O Rf6 14. d5 e5 15. Bd3
Rg6 16. Qc2 Ng5 17. Nxg5 Qxg5 18. f4 Qe7 19. Bxf5 Rh6 20. Be6+ Kh8 21. Bxd7 Qxd7
22. fxe5 dxe5 23. Bxe5 Re8 24. Qc3 b5 25. e4 bxc4 26. Qxc4 c6 27. d6 Rhe6 28.
Qd4 h6 29. Rf5 Ba6 30. h3 Kh7 31. Ra2 g6 32. Rf4 Rxe5 33. Raf2 Kg8 34. Rf7 c5
35. bxc5 Qe6 36. d7 Rd8 37. Rf8+ Rxf8 38. Rxf8+ Kxf8 39. d8=Q+ Kg7 40. Qc7+ 1-0

[Event "11th Kings Blitz Women"]
[Site "Medias ROU"]
[Date "2017.11.28"]
[Round "6.2"]
[White "Muzychuk, Anna"]
[Black "Cramling, Pia"]
[Result "1/2-1/2"]
[WhiteTitle "GM"]
[BlackTitle "GM"]
[WhiteElo "2576"]
[BlackElo "2448"]
[WhiteFideId "14111330"]
[BlackFideId "1700030"]
[EventDate "2017.11.28"]

1. e4 c5 2. Nf3 d6 3. Bb5+ Nd7 4. O-O a6 5. Bd3 Ngf6 6. c3 b5 7. Bc2 Bb7 8. Re1
e6 9. d4 Be7 10. e5 dxe5 11. dxe5 Ng4 12. Bf4 g5 13. Nxg5 Bxg5 14. Qxg4 Bxf4 15.
Qxf4 Rg8 16. g3 Qc7 17. Nd2 f5 18. Qh4 Nf8 19. Bd1 Rd8 20. Bh5+ Ng6 21. Rad1 Qe7
22. Qxe7+ Kxe7 23. Bf3 Rxd2 24. Bxb7 Rxd1 25. Rxd1 Nxe5 26. Bxa6 Ra8 27. Bxb5
Rxa2 28. b4 cxb4 29. cxb4 Rb2 30. Bf1 1/2-1/2

[Event "11th Kings Blitz Women"]
[Site "Medias ROU"]
[Date "2017.11.28"]
[Round "7.1"]
[White "Peptan, Corina-Isabela"]
[Black "Muzychuk, Anna"]
[Result "0-1"]
[WhiteTitle "IM"]
[BlackTitle "GM"]
[WhiteElo "2399"]
[BlackElo "2576"]
[WhiteFideId "1201930"]
[BlackFideId "14111330"]
[EventDate "2017.11.28"]

1. d4 Nf6 2. Nf3 g6 3. g3 Bg7 4. Bg2 d5 5. c4 c6 6. Nbd2 O-O 7. O-O a5 8. Re1 a4
9. e4 dxe4 10. Nxe4 Nxe4 11. Rxe4 Nd7 12. Bf4 Nf6 13. Re2 Bg4 14. h3 Bxf3 15.
Bxf3 e6 16. Rd2 Qa5 17. a3 Rfd8 18. Qc2 Rd7 19. Rad1 Rad8 20. h4 Ne8 21. Be3 Nd6
22. Bg5 Rc8 23. Qb1 Nxc4 24. Rd3 Nd6 25. Qc1 Re8 26. Qc5 Nb5 27. h5 Qa7 28. hxg6
hxg6 29. Be3 Qxc5 30. dxc5 Rxd3 31. Rxd3 Bxb2 32. Rd7 Rb8 33. Be2 Nxa3 34. Bd4
Bxd4 35. Rxd4 Ra8 36. Rd7 Nb1 37. Rxb7 Nc3 38. Bc4 a3 39. Rc7 Ra4 40. Bb3 Rb4
41. Rxc6 Rxb3 0-1

[Event "11th Kings Blitz Women"]
[Site "Medias ROU"]
[Date "2017.11.28"]
[Round "7.2"]
[White "Paehtz, Elisabeth"]
[Black "Cramling, Pia"]
[Result "1-0"]
[WhiteTitle "IM"]
[BlackTitle "GM"]
[WhiteElo "2453"]
[BlackElo "2448"]
[WhiteFideId "4641833"]
[BlackFideId "1700030"]
[EventDate "2017.11.28"]

1. e4 c5 2. Nf3 d6 3. d4 cxd4 4. Nxd4 Nf6 5. Nc3 Nc6 6. Bg5 e6 7. Qd2 Be7 8.
O-O-O O-O 9. h4 a6 10. f3 Nxd4 11. Qxd4 b5 12. Bd3 Bb7 13. g4 Rc8 14. Bd2 e5 15.
Qf2 b4 16. Ne2 d5 17. g5 Nd7 18. Kb1 Nc5 19. Ng3 Nxd3 20. cxd3 Bc5 21. Be3 Qb6
22. Bxc5 Qxc5 23. Qxc5 Rxc5 24. Rc1 Rfc8 25. Rxc5 Rxc5 26. Rc1 Rxc1+ 27. Kxc1 g6
28. Kc2 Bc6 29. Kb3 a5 30. Nf1 Kf8 31. Ne3 dxe4 32. dxe4 f5 33. gxf6 Kf7 34. Ng4
Bb5 35. Nxe5+ Kxf6 36. Nc4 g5 37. h5 Kg7 38. Nd6 Be2 39. Nf5+ Kf6 40. Nd4 Bd1+
41. Kc4 Ke5 42. Kc5 Kf4 43. Ne6+ Kxf3 44. Nxg5+ Kf4 45. Nxh7 Bxh5 46. Nf6 Bf7
47. b3 Ke5 48. Nd7+ Kxe4 49. Kb6 a4 50. Nc5+ 1-0

[Event "11th Kings Blitz Women"]
[Site "Medias ROU"]
[Date "2017.11.28"]
[Round "8.1"]
[White "Paehtz, Elisabeth"]
[Black "Peptan, Corina-Isabela"]
[Result "1-0"]
[WhiteTitle "IM"]
[BlackTitle "IM"]
[WhiteElo "2453"]
[BlackElo "2399"]
[WhiteFideId "4641833"]
[BlackFideId "1201930"]
[EventDate "2017.11.28"]

1. e4 c5 2. Nc3 Nc6 3. Bb5 d6 4. Bxc6+ bxc6 5. d3 e5 6. f4 exf4 7. Bxf4 Nf6 8.
Nf3 Be7 9. O-O O-O 10. Qd2 Be6 11. b3 d5 12. Rae1 c4 13. Ng5 cxb3 14. axb3 Bb4
15. d4 dxe4 16. Ngxe4 Nxe4 17. Rxe4 Qa5 18. Re3 Rad8 19. Rg3 f6 20. Qe3 Rde8 21.
Qd3 Bf7 22. Na4 Kh8 23. Rh3 h5 24. c3 Be7 25. c4 Qb4 26. Nc5 Bxc5 27. dxc5 Qxc5+
28. Kh1 a5 29. Bd6 Qb6 30. Bxf8 Rxf8 31. Re3 Rd8 32. Qe2 Rb8 33. Re1 Kg8 34. h3
Qb4 35. Qf3 Qc5 36. Qf4 Rd8 37. Qc7 Rd1 38. Rxd1 Qxe3 39. Qd8+ Kh7 40. Qd3+ Qxd3
41. Rxd3 Kg6 42. Rd6 c5 43. Ra6 Kf5 1-0

[Event "11th Kings Blitz Women"]
[Site "Medias ROU"]
[Date "2017.11.28"]
[Round "8.2"]
[White "Cramling, Pia"]
[Black "Muzychuk, Anna"]
[Result "1/2-1/2"]
[WhiteTitle "GM"]
[BlackTitle "GM"]
[WhiteElo "2448"]
[BlackElo "2576"]
[WhiteFideId "1700030"]
[BlackFideId "14111330"]
[EventDate "2017.11.28"]

1. Nf3 g6 2. c4 Bg7 3. e4 c5 4. d4 cxd4 5. Nxd4 Nc6 6. Be3 Nf6 7. Nc3 O-O 8. Be2
d6 9. O-O Nxd4 10. Bxd4 Bd7 11. h3 Bc6 12. Qc2 a5 13. Rad1 Nd7 14. Bxg7 Kxg7 15.
Bg4 Nf6 16. c5 Qb8 17. cxd6 exd6 18. Qd3 Re8 19. Rfe1 h5 20. Bf3 Re6 21. Qd4 Qa7
22. Qxa7 Rxa7 23. Rd4 Ra6 24. Red1 Rb6 25. b3 Ne8 26. Be2 Rb4 27. Bc4 Re5 28.
Bd5 Kf8 29. a3 Rxd4 30. Rxd4 Re7 31. b4 axb4 32. axb4 Nf6 33. Bxc6 bxc6 34. Rxd6
Nxe4 35. Rxc6 Nxc3 36. Rxc3 Re1+ 37. Kh2 Rb1 38. Rc4 Rb3 39. g4 hxg4 40. hxg4 g5
41. Kg2 Kg7 42. f3 f6 43. Kg3 Kg6 44. Rd4 Rb2 45. Rc4 Kf7 46. f4 Rb3+ 47. Kf2
gxf4 48. Rxf4 Kg6 49. Rc4 Kg5 50. Kg2 f5 51. gxf5 Kxf5 1/2-1/2

[Event "11th Kings Blitz Women"]
[Site "Medias ROU"]
[Date "2017.11.28"]
[Round "9.1"]
[White "Peptan, Corina-Isabela"]
[Black "Cramling, Pia"]
[Result "0-1"]
[WhiteTitle "IM"]
[BlackTitle "GM"]
[WhiteElo "2399"]
[BlackElo "2448"]
[WhiteFideId "1201930"]
[BlackFideId "1700030"]
[EventDate "2017.11.28"]

1. d4 Nf6 2. Nf3 d5 3. c4 e6 4. e3 Bd6 5. Nc3 O-O 6. Qc2 a6 7. Bd3 c5 8. dxc5
Bxc5 9. cxd5 exd5 10. O-O Nc6 11. a3 Bg4 12. Be2 Rc8 13. Rd1 Bd6 14. h3 Be6 15.
Qd3 Bb8 16. Bd2 Qd6 17. Bf1 Rfd8 18. g3 Qe7 19. Bg2 Ba7 20. Ne2 Ne4 21. Ned4
Bxd4 22. exd4 h6 23. Rac1 Bf5 24. Qe3 Re8 25. Be1 Qd7 26. Ne5 Nxe5 27. dxe5 Rxc1
28. Qxc1 Rxe5 29. f4 Re8 30. g4 Bh7 31. f5 g6 32. fxg6 Bxg6 33. Qxh6 Qa4 34. Kh1
Qxd1 0-1

[Event "11th Kings Blitz Women"]
[Site "Medias ROU"]
[Date "2017.11.28"]
[Round "9.2"]
[White "Muzychuk, Anna"]
[Black "Paehtz, Elisabeth"]
[Result "1/2-1/2"]
[WhiteTitle "GM"]
[BlackTitle "IM"]
[WhiteElo "2576"]
[BlackElo "2453"]
[WhiteFideId "14111330"]
[BlackFideId "4641833"]
[EventDate "2017.11.28"]

1. e4 e5 2. Nf3 Nc6 3. Bb5 a6 4. Bxc6 dxc6 5. O-O Qf6 6. d4 exd4 7. Bg5 Qd6 8.
Nxd4 f6 9. Bh4 c5 10. Ne2 Qxd1 11. Rxd1 Bd6 12. Bg3 Bxg3 13. hxg3 Be6 14. Nbc3
Ne7 15. Nf4 Kf7 16. f3 Rad8 17. Kf2 b6 18. g4 Rd4 19. Nce2 Rdd8 20. Ke3 Nc6 21.
Nxe6 Kxe6 22. Nf4+ Kf7 23. c3 Ne5 24. b3 c6 25. Ke2 c4 26. b4 g5 27. Nh3 Rd3 28.
Rac1 Rhd8 29. Nf2 Rxd1 30. Rxd1 Rxd1 31. Nxd1 b5 32. Ne3 Ke6 33. Nf5 Nd3 34. Ke3
Nc1 35. a3 Nd3 36. g3 c5 37. bxc5 Nxc5 38. f4 Nd3 39. Nd4+ Kd7 40. Nf3 h6 41.
Nd4 Nb2 42. Nf5 Nd1+ 43. Kd4 Nf2 44. Nxh6 Nh1 45. fxg5 fxg5 46. Nf7 Nxg3 47. Ke3
Nf1+ 48. Ke2 Ng3+ 49. Kf3 Nf1 50. Nxg5 Nd2+ 51. Ke3 Nb1 52. Kd4 Nxa3 53. e5 Nc2+
54. Kd5 Ne3+ 55. Kd4 Nxg4 56. Ne4 a5 57. Kc5 b4 58. cxb4 axb4 59. Kxc4 Nxe5+ 60.
Kxb4 1/2-1/2

[Event "11th Kings Blitz Women"]
[Site "Medias ROU"]
[Date "2017.11.28"]
[Round "10.1"]
[White "Muzychuk, Anna"]
[Black "Peptan, Corina-Isabela"]
[Result "1-0"]
[WhiteTitle "GM"]
[BlackTitle "IM"]
[WhiteElo "2576"]
[BlackElo "2399"]
[WhiteFideId "14111330"]
[BlackFideId "1201930"]
[EventDate "2017.11.28"]

1. e4 c5 2. Nf3 e6 3. d4 cxd4 4. Nxd4 a6 5. c4 Nf6 6. Nc3 Bb4 7. Qd3 Qc7 8. a3
Be7 9. Qg3 Qxg3 10. hxg3 d6 11. f3 Nc6 12. Be3 Nxd4 13. Bxd4 e5 14. Be3 Be6 15.
b3 Rc8 16. Na4 Nd7 17. g4 O-O 18. Rb1 Bd8 19. Bd3 Rb8 20. Nc3 Nc5 21. Be2 h6 22.
Kf2 Bg5 23. b4 Nd7 24. Bxg5 hxg5 25. Rhd1 Bxc4 26. Bxc4 Rfc8 27. Bxf7+ Kxf7 28.
Rxd6 Nf6 29. Na4 Rc2+ 30. Kg3 Ke7 31. Rbd1 Rbc8 32. Nc5 Rc3 33. Rb6 Rc7 34. Re6+
Kf7 35. Rxe5 Rxa3 36. Rxg5 Rxc5 37. Rxc5 Nxe4+ 38. Kf4 Nxc5 39. bxc5 Rc3 40.
Rd7+ Kg6 41. Rxb7 Rc4+ 42. Ke3 Rxc5 43. Rb6+ Kf7 44. Rxa6 Rc2 45. g3 Rc3+ 46.
Kf4 Rb3 47. g5 Rb4+ 48. Kf5 g6+ 49. Ke5 Rb5+ 50. Kf4 Rb4+ 51. Ke3 Rb3+ 52. Kf2
Rb2+ 53. Kf1 Rc2 54. Rf6+ Kg7 55. Re6 Ra2 56. Re2 Ra5 57. f4 Ra3 58. Kf2 Kf7 59.
Re3 Ra4 60. Kf3 Ra1 61. Rb3 Re1 62. Rb7+ Kf8 63. g4 Kg8 64. f5 Rf1+ 65. Ke4 Rg1
66. Kf4 Rf1+ 67. Ke5 Ra1 68. Re7 Ra4 69. Kf6 Ra6+ 70. Re6 Ra4 1-0

[Event "11th Kings Blitz Women"]
[Site "Medias ROU"]
[Date "2017.11.28"]
[Round "10.2"]
[White "Cramling, Pia"]
[Black "Paehtz, Elisabeth"]
[Result "1/2-1/2"]
[WhiteTitle "GM"]
[BlackTitle "IM"]
[WhiteElo "2448"]
[BlackElo "2453"]
[WhiteFideId "1700030"]
[BlackFideId "4641833"]
[EventDate "2017.11.28"]

1. d4 e6 2. Nf3 b6 3. e4 Bb7 4. Bd3 c5 5. c3 Nf6 6. Qe2 Be7 7. O-O Nc6 8. a3 d5
9. e5 Nd7 10. b4 O-O 11. Nbd2 Rc8 12. Re1 Qe8 13. Nf1 Nd8 14. Ng3 f5 15. exf6
Bxf6 16. Nh5 Be7 17. Ng5 g6 18. Ng3 Bf6 19. Nf3 Qe7 20. Bh6 Bg7 21. Bxg7 Qxg7
22. Rac1 Re8 23. Bb5 Bc6 24. Ba6 Rc7 25. Bd3 Nf7 26. Qd2 Rcc8 27. Ba6 Rc7 28.
Bd3 Rcc8 29. Ba6 Rc7 30. Bd3 1/2-1/2

[Event "11th Kings Blitz Women"]
[Site "Medias ROU"]
[Date "2017.11.28"]
[Round "11.1"]
[White "Cramling, Pia"]
[Black "Peptan, Corina-Isabela"]
[Result "0-1"]
[WhiteTitle "GM"]
[BlackTitle "IM"]
[WhiteElo "2448"]
[BlackElo "2399"]
[WhiteFideId "1700030"]
[BlackFideId "1201930"]
[EventDate "2017.11.28"]

1. d4 d5 2. c4 dxc4 3. e3 Nf6 4. Bxc4 e6 5. Nf3 b6 6. O-O Bb7 7. Qe2 a6 8. Rd1
Nbd7 9. Bd3 c5 10. dxc5 Bxc5 11. e4 Qc7 12. h3 O-O 13. b3 Ne5 14. Nxe5 Qxe5 15.
Bb2 Qf4 16. Nd2 Rad8 17. e5 Qg3 18. Ne4 Nxe4 19. Bxe4 Bxe4 20. b4 Qxh3 21. gxh3 0-1

[Event "11th Kings Blitz Women"]
[Site "Medias ROU"]
[Date "2017.11.28"]
[Round "11.2"]
[White "Paehtz, Elisabeth"]
[Black "Muzychuk, Anna"]
[Result "1/2-1/2"]
[WhiteTitle "IM"]
[BlackTitle "GM"]
[WhiteElo "2453"]
[BlackElo "2576"]
[WhiteFideId "4641833"]
[BlackFideId "14111330"]
[EventDate "2017.11.28"]

1. d4 Nf6 2. Nf3 g6 3. Bg5 Bg7 4. Nbd2 d5 5. e3 O-O 6. c3 Nbd7 7. Be2 c5 8. O-O
b6 9. Ne5 Bb7 10. f4 Ne8 11. Qa4 Nxe5 12. fxe5 f6 13. exf6 exf6 14. Bf4 Nc7 15.
Bf3 Ne6 16. Bg3 f5 17. Rfe1 Qe8 18. Qxe8 Raxe8 19. Nc4 Ng5 20. Nd6 Nxf3+ 21.
gxf3 Re7 22. Nxb7 Rxb7 23. Be5 Bxe5 24. dxe5 f4 25. e4 d4 26. cxd4 cxd4 27. Red1
Rd8 28. Rac1 Re7 29. Rc4 d3 30. Rc3 Rxe5 31. Rcxd3 Rxd3 32. Rxd3 Rc5 33. Rc3 Ra5
34. Rc8+ Kf7 35. Rc7+ Kf6 36. a3 h5 37. Rc6+ Kg5 38. Kg2 Rb5 39. b4 a5 40. Rc4
axb4 41. axb4 Kf6 42. h4 g5 43. Rc6+ Kf7 44. hxg5 Rxg5+ 45. Kh3 Rg3+ 46. Kh4
Rxf3 47. Kxh5 Re3 48. Kg4 Rxe4 49. Rxb6 Rc4 1/2-1/2

[Event "11th Kings Blitz Women"]
[Site "Medias ROU"]
[Date "2017.11.28"]
[Round "12.1"]
[White "Peptan, Corina-Isabela"]
[Black "Paehtz, Elisabeth"]
[Result "0-1"]
[WhiteTitle "IM"]
[BlackTitle "IM"]
[WhiteElo "2399"]
[BlackElo "2453"]
[WhiteFideId "1201930"]
[BlackFideId "4641833"]
[EventDate "2017.11.28"]

1. c4 d6 2. Nc3 g6 3. g3 Bg7 4. Bg2 e5 5. Nf3 Nc6 6. O-O f5 7. d3 Nf6 8. Rb1 O-O
9. b4 h6 10. b5 Ne7 11. a4 g5 12. a5 Rb8 13. e3 Be6 14. Nd2 f4 15. Nde4 Nxe4 16.
Bxe4 Bh3 17. Re1 Qd7 18. Nd5 Nxd5 19. Bxd5+ Kh8 20. exf4 gxf4 21. Bb2 c6 22. Bf3
cxb5 23. cxb5 Rbe8 24. d4 fxg3 25. hxg3 Qf7 26. Re3 e4 27. Kh2 exf3 28. Rxe8
Rxe8 0-1